000 00897nam a2200277Ia 4500
003 IN-BaIIA
008 211028s9999 xx s 000 0 eng d
020 _a978-3-540-40236-7 (Print)
020 _a978-3-540-44878-5 (Online)
022 _a0075-8450 (Print)
022 _a1616-6361 (Online)
040 _cIIA Library
100 _aFalcke, Martin, ed.
_940083
245 0 _aUnderstanding Calcium Dynamics
_h[eBook]
260 _aHeidelberg, Berlin
_bSpringer Berlin Heidelberg
_c2003
300 _aOnline resource
490 _aLecture Notes in Physics
650 _a Biochemistry, general
650 _a Biological and Medical Physics, Biophysics
_938290
650 _a Medical Biochemistry
650 _a Physical Chemistry
650 _aPhysics
_973
700 _aMalchow, Dieter, ed.
_940084
856 _uhttp://doi.org/10.1007/b11586
_yClick Here to Access eBook
942 _cEB
999 _c21673
_d21673